[Event "ROM-ch"]
[Site "Eforie Nord"]
[Date "2009.02.04"]
[Round "5"]
[White "Baciu, Stefan"]
[Black "Ciubotariu, Maricel"]
[Result "1-0"]
[WhiteElo "2186"]
[BlackElo "1918"]
[PlyCount "117"]
[EventDate "2009.01.31"]
[EventType "swiss"]
[EventRounds "9"]
[EventCountry "ROU"]
[SourceTitle "CBM 130 Extra"]
[Source "ChessBase"]
[SourceDate "2009.07.02"]
[SourceVersion "2"]
[SourceVersionDate "2009.07.15"]
[SourceQuality "1"]

1. d4 Nf6 2. c4 e5 3. dxe5 Ng4 4. Bf4 Nc6 5. Nf3 Bb4+ 6. Nbd2 Qe7 7. e3 Ngxe5 8. Nxe5 Nxe5 9. a3 Bxd2+ 10. Qxd2 d6 11. Qc3 0-0 12. c5 Re8 13. cxd6 Qxd6 14. Bb5 c6 15. Be2 Qe7 16. 0-0 Ng6 17. Bg3 Bf5 18. Rfd1 Rad8 19. f3 h5 20. e4 Rxd1+ 21. Rxd1 Be6 22. Bf2 Nf4 23. Bf1 h4 24. Kh1 h3 25. g3 Ng6 26. Bxa7 Rd8 27. Rxd8+ Qxd8 28. Bd4 b6 29. Qe3 c5 30. Bc3 Qd1 31. Qd3 Qa4 32. Kg1 Qc6 33. g4 Nf4 34. Qd8+ Kh7 35. Qg5 Ng6 36. Bxh3 Qd6 37. Qd2 Qc7 38. Bf1 Nh4 39. Be2 Ng6 40. Qe3 Nf4 41. Bf1 Ng6 42. Qg5 Qd6 43. Qd2 Qc7 44. Qc1 Qd6 45. Qe3 Qd1 46. Qd3 Qa4 47. Qd2 Qc6 48. Be2 Qc7 49. Bd1 Kg8 50. Qe3 Qd6 51. Bc2 b5 52. e5 Qe7 53. Bf5 b4 54. axb4 cxb4 55. Bd4 Nh4 56. Bxe6 Qxe6 57. Kf2 Qc4 58. Kg3 Ng6 59. b3 1-0